000 00332nam a2200145Ia 4500
005 20251222151329.0
008 251222s9999||||xx |||||||||||||| ||spa||
020 _a8408057936
082 _a863.64/R93
100 _aRuiz Zafón, Carlos
245 0 _aLa Sombra del Viento
250 _a1ra.ed.
264 _bPlaneta
942 _cLIB
999 _c24005
_d24005